| LEADER |
00903nam0a2200217 450 |
| 001 |
16844942 |
| 010 |
|
|
|a 978-2-7324-9922-2
|b br.
|d 17,5
|
| 100 |
|
|
|a 20221228d2023 u u0frey01 ba
|
| 101 |
0 |
|
|a fre
|
| 102 |
|
|
|a FR
|
| 200 |
0 |
|
|a Sexe
|e mes premiers pas sans tabou ni complexe
|f Emma Strack
|g illustrations Benjamin Chaud - mise en couleurs Isabelle Rabarot
|
| 207 |
|
1 |
|a
|
| 215 |
|
|
|a 1 vol. (159 p.)
|c illustrations en couleur
|d 23 cm
|
| 300 |
|
|
|a Sitogr.
|
| 330 |
|
|
|a Un documentaire destiné aux adolescents abordant des questions liées à la sexualité : le corps, l'intimité, la première fois, etc. Electre 2023
|
| 700 |
|
0 |
|a Strack
|b Emma
|4 70
|
| 702 |
|
0 |
|a Chaud
|b Benjamin
|4 440
|
| 702 |
|
0 |
|a Rabarot
|b Isabelle
|4 410
|
| 900 |
|
|
|a Documentaire jeunesse
|
| 901 |
|
|
|a Accessible au prêt
|
| 995 |
|
|
|a Bibliothèque
|c Bibliothèque
|f 00156012025680
|h 00156012025680
|k E 612.6 STR
|o p
|q j
|r az
|e Bibliothèque
|